000 00929cam a2200277 a 4500
999 _c8066
_d8066
001 1039404
003 OSt
005 20230123163434.0
008 890502s1989 mau 001 0 eng
010 _a 89084395
020 _a0316745243
040 _aDLC
_cDLC
_dDLC
050 0 0 _aR118.6
_b.R54 1989
082 0 0 _a610/.7
_220
100 1 _aRiegelman, Richard K.
_916420
245 1 0 _aStudying a study and testing a test :
_bhow to read the medical literature /
_cRichard K. Riegelman, Robert P. Hirsch.
250 _a2nd ed.
260 _aBoston :
_bLittle, Brown,
_cc1989.
300 _aix, 349 p. ;
_c24 cm.
650 0 _aMedical literature
_xEvaluation.
_99840
650 0 _aMedicine
_xResearch
_xEvaluation.
_92164
700 1 _aHirsch, Robert P.
_916421
906 _a7
_bcbc
_corignew
_d2
_eopcn
_f19
_gy-gencatlg
942 _2ddc
_cO_SHELF